000 00654nam a2200217 i 4500
001 7272
003 ES-MaACL
005 20251003165211.0
007 t|
008 901115s1972 sp ||||1| spa d
080 _a17.022.1
100 1 _aSpirito, Ugo.
_9107758
245 1 1 _a¿Ocaso o eclipse de los valores tradicionales? /
_cUgo Spirito, Augusto del Noce.
260 _aMadrid :
_bUnión Editorial,
_c[1972]
300 _a248 p. ;
_c21 cm.
650 1 4 _aValores (Filosofía)
_9154937
650 0 4 _aCivilización-
_xFilosofía.
_911081
700 1 _aDel Noce, Augusto,
_d1910-1989
_9173063
852 _aES-MaACL
_jL-14547
999 _c7272
_d7272